000 00375nam a2200181Ia 4500
003 0STCL
008 150530s9999 xx 000 0 und d
040 _aSTCL
_cSTCL
100 _aBabu, V.F.
245 _aOrkkaruthu Orikkalum
250 _a1
260 _c1984
300 _a0
546 _aMalayalam
942 _2ddc
_cBK
999 _c48424
_d48424
005 20220125170742.0